|
|
|
|
| LEADER |
00944nam a2200241 a 4500 |
| 001 |
13255111 |
| 008 |
090916s1997 maua b 001 0 eng d |
| 010 |
|
|
|a 2003265348
|
| 020 |
|
|
|a 01402056024
|
| 020 |
|
|
|a 9780140256024
|
| 040 |
|
|
|a DLC
|c DLC
|d DLC
|
| 082 |
0 |
0 |
|a 003/.857
|2 22
|
| 100 |
1 |
|
|a Stewart, Ian,
|d 1945-
|
| 245 |
1 |
0 |
|a Does God play dice? :
|b the new mathematics of chaos /
|c Ian Stewart.
|
| 250 |
|
|
|a 2nd ed.
|
| 260 |
|
|
|a Malden, Mass. :
|b Blackwell, ;
|a London :
|b Penguin,
|c 1997.
|
| 300 |
|
|
|a xii, 401 p. :
|b ill. ;
|c 20 cm.
|
| 504 |
|
|
|a Includes bibliographical references (p. [384]-390) and index.
|
| 541 |
1 |
|
|e 00019281
|
| 650 |
|
0 |
|a Chaotic behavior in systems.
|
| 852 |
4 |
|
|a Ayesha Abed Library
|j General shelf
|
| 999 |
|
|
|c 3968
|d 3968
|
| 952 |
|
|
|0 0
|1 4
|2 ddc
|4 0
|6 003_857000000000000_STE
|7 0
|9 3657
|a BRACUL
|b BRACUL
|c GEN
|d 2009-09-15
|e Prothoma
|g 695.00
|l 1
|o 003.857 STE
|p 3010019281
|r 2010-05-24
|s 2010-05-18
|t 1
|w 2009-09-17
|y BK
|x Koha Inventory 2020
|